Entendendo o plano de contas aplicado ao setor público (PCASP) / (Record no. 808)

MARC details
000 -LÍDER
Campo Fixo de Controle 01092nam a2200313 a 4500
001 - NÚMERO DE CONTROLE
Campo de Controle 808
003 - IDENTIFICAÇÃO DO NÚMERO DE CONTROLE
Campo de Controle BR-CuiBMT
005 - DATA E HORA DA ÚLTIMA ATUALIZAÇÃO
Campo de Controle 20231129164655.0
008 - DADOS FIXOS
Dados Fixos 231113s2017 dfba 000 0 por d
020 ## - INTERNATIONAL STANDARD BOOK NUMBER
Nº do ISBN 9788562880056
040 ## - AGÊNCIA CATALOGADORA
Código da Agência Catalogadora BR-CuiBMT
Agência que transcreveu o registro BR-CuiBMT
080 ## - Nº DA CLASSIFICAÇÃO DECIMAL UNIVERSAL
Nº Class. CDU 336.22
Nº edição CDU 2007
090 ## - NÚMERO DE CHAMADA
Nº classificação 336.22
Cutter S586e
Ano/Edição 2. ed.
100 1# - ENTRADA PRINCIPAL -- AUTOR PESSOAL
Nome pessoal Silva, Paulo Henrique Feijó da,
Datas associadas ao nome 1971-
245 10 - TÍTULO PRINCIPAL
Título principal Entendendo o plano de contas aplicado ao setor público (PCASP) /
Indicação de responsabilidade Paulo Henrique Feijó da Silva, Carlos Eduardo Ribeiro, Jorge Pinto de Carvalho Júnior.
250 ## - EDIÇÃO
Edição 2. ed., rev. e ampl.
260 ## - PUBLICAÇÃO, DISTRIBUIÇÃO, ETC.
Local de publicação Brasília :
Editora Gestão Pública,
Data 2017.
300 ## - DESCRIÇÃO FÍSICA
N. páginas ou volumes 408 p. :
Ilustrações il. ;
Dimensões 25 cm
490 1# - INDICAÇÃO DE SÉRIE
Título da série Série entendendo CASP
504 ## - NOTA DE BIBLIOGRAFIA, ETC.
Nota de bibliografia Inclui bibliografia e índice.
650 ## - ASSUNTO TÓPICO
Cabeçalho tópico ou nome geográfico Contabilidade pública
Subdivisão geográfica Brasil
650 ## - ASSUNTO TÓPICO
Cabeçalho tópico ou nome geográfico Orçamento público
Subdivisão geral Contabilidade
650 ## - ASSUNTO TÓPICO
Cabeçalho tópico ou nome geográfico Administração pública
Subdivisão geográfica Brasil
650 ## - ASSUNTO TÓPICO
Cabeçalho tópico ou nome geográfico Planos de contas públicas
Subdivisão geográfica Brasil
700 1# - ENTRADA SECUNDÁRIA -- NOME PESSOAL
Nome pessoal Ribeiro, Carlos Eduardo
700 1# - ENTRADA SECUNDÁRIA -- NOME PESSOAL
Nome pessoal Carvalho Júnior, Jorge Pinto de
830 #0 - ENTRADA SECUNDÁRIA DE SÉRIE -- TÍTULO UNIFORME
Título uniforme Entendendo CASP
942 ## - ELEMENTOS DE ENTRADA ADICIONAIS (KOHA)
Fonte de classificação ou esquema de arquivamento Classificação Decimal Universal
Tipo de item do Koha Livros
Holdings
Estado: removido Estado: perdido Fonte de classificação ou esquema de arquivamento Estado: danificado Indisponível para empréstimo Localização permanente Localização atual Data de aquisição Total Checkouts Número de Chamada completo Código de barras Date last seen Número do exemplar Preço efetivo a partir de Tipo de item (Koha)
    Classificação Decimal Universal     Biblioteca da Escola Superior de Contas do TCE/MT Biblioteca da Escola Superior de Contas do TCE/MT 11/07/2019   336.22 S586e 2. ed. BIBTCEMT23110742 19/11/2023 Ex. 1 19/11/2023 Livros

Powered by Koha